Masones y templarios (Record no. 1918)

MARC details
000 -LEADER
campo de control de longitud fija 01286cac a2200349 a 4500
003 - IDENTIFICADOR DE NÚMERO DE CONTROL
campo de control CO-BoRNBP
005 - FECHA Y HORA DE LA ÚLTIMA TRANSACCIÓN
campo de control 20241106151735.0
008 - DATOS DE LONGITUD FIJA--INFORMACIÓN GENERAL
campo de control de longitud fija 141031s2014 ck ck b|||| |||| 00| 0 spa d
020 ## - NÚMERO INTERNACIONAL ESTÁNDAR DEL LIBRO
Número Internacional Estándar del Libro 13: 9789584223128
020 ## - NÚMERO INTERNACIONAL ESTÁNDAR DEL LIBRO
Número Internacional Estándar del Libro ISBN 10: 9584223127
040 ## - FUENTE DE CATALOGACIÓN
Centro catalogador/agencia de origen CO-BoRNBP
Lengua de catalogación spa
Normas de descripción rda
Centro/agencia transcriptor CO-BoRNBP
082 04 - NÚMERO DE LA CLASIFICACIÓN DECIMAL DEWEY
Número de clasificación 366.1 B152m
Número de edición 22
100 10 - ENTRADA PRINCIPAL--NOMBRE DE PERSONA
Nombre de persona Baigent, Michael
Fechas asociadas al nombre 1948-
9 (RLIN) 12354
Término indicativo de función/relación autor
245 10 - MENCIÓN DEL TÍTULO
Título Masones y templarios
Mención de responsabilidad, etc. / Michael Baigent, Richard Leigh ; traducción Gerardo di Masso
250 ## - MENCION DE EDICION
Mención de edición 2a reimpresión
260 ## - PUBLICACIÓN, DISTRIBUCIÓN, ETC.
Lugar de publicación, distribución, etc. Bogotá, Colombia
Nombre del editor, distribuidor, etc. : Editorial Planeta Colombiana
-- Mr. ediciones
Fecha de publicación, distribución, etc. , 2011
300 ## - DESCRIPCIÓN FÍSICA
Extensión 332 páginas
Otras características físicas ilustraciones en blanco y negro
Dimensiones 24 cm.
336 ## - TIPO DE CONTENIDO
Término de tipo de contenido texto
Código de tipo de contenido txt
Fuente rdacontent
337 ## - TIPO DE MEDIO
Nombre/término del tipo de medio sin mediación
Código del tipo de medio n
Fuente rdamedia
338 ## - TIPO DE SOPORTE
Nombre/término del tipo de soporte volumen
Código del tipo de soporte nc
Fuente rdacarrier
500 ## - NOTA GENERAL
Nota general Incluye índice
504 ## - NOTA DE BIBLIOGRAFÍA, ETC.
Nota de bibliografía, etc. Incluye Bibliografía al final del texto
534 ## - NOTA SOBRE LA VERSIÓN ORIGINAL
Mención de título del original The temple and the lodge
650 14 - PUNTO DE ACCESO ADICIONAL DE MATERIA--TÉRMINO DE MATERIA
Término de materia o nombre geográfico como elemento de entrada Masonería
Fuente del encabezamiento o término LEMB
Subdivisión general Historia
9 (RLIN) 12343
650 14 - PUNTO DE ACCESO ADICIONAL DE MATERIA--TÉRMINO DE MATERIA
Término de materia o nombre geográfico como elemento de entrada Sociedades secretas
Fuente del encabezamiento o término LEMB
Subdivisión general Historia
9 (RLIN) 12344
650 14 - PUNTO DE ACCESO ADICIONAL DE MATERIA--TÉRMINO DE MATERIA
Término de materia o nombre geográfico como elemento de entrada Misterios religiosos
Fuente del encabezamiento o término LEMB
9 (RLIN) 12345
650 14 - PUNTO DE ACCESO ADICIONAL DE MATERIA--TÉRMINO DE MATERIA
Término de materia o nombre geográfico como elemento de entrada Ordenes religiosas
Fuente del encabezamiento o término LEMB
9 (RLIN) 12355
650 14 - PUNTO DE ACCESO ADICIONAL DE MATERIA--TÉRMINO DE MATERIA
Fuente del encabezamiento o término LEMB
Término de materia o nombre geográfico como elemento de entrada Templarios
Subdivisión general Historia
9 (RLIN) 12347
700 1# - ENTRADA AGREGADA--NOMBRE PERSONAL
Nombre de persona Leigh, Richard,
Fechas asociadas al nombre 1943-
9 (RLIN) 12356
700 1# - ENTRADA AGREGADA--NOMBRE PERSONAL
Nombre de persona Masso, Gerardo di
Término indicativo de función/relación traductor
9 (RLIN) 12357
942 ## - ELEMENTOS DE ENTRADA SECUNDARIOS (KOHA)
Fuente del sistema de clasificación o colocación Clasificación Decimal Dewey
Tipo de ítem Koha Libros
Holdings
Estatus retirado Estado de pérdida Fuente del sistema de clasificación o colocación Estado de daño No para préstamo Biblioteca de origen Biblioteca actual Fecha de adquisición Total de préstamos Signatura topográfica completa Código de barras Visto por última vez Copia número Precio de reemplazo Tipo de ítem Koha Fuente de adquisición
    Clasificación Decimal Dewey     BIBLIOTECA PÚBLICA MUNICIPAL RAMON CORREA MEJIA BIBLIOTECA PÚBLICA MUNICIPAL RAMON CORREA MEJIA 07/10/2023   366.1 B152m 34279 07/10/2023 Ej.1 07/10/2023 Libros  
    Clasificación Decimal Dewey     BIBLIOTECA SAN JOAQUIN BIBLIOTECA SAN JOAQUIN 06/11/2024   366.1 B152m 60527 06/11/2024 Ej.1 06/11/2024 Libros Donación

Powered by Koha